قصص العرب / (رقم التسجيلة. 18489)

تفاصيل مارك
000 -الفاتح
حقل البيانات ثابتة الطول 00835cam a2200229 a 4500
001 - رقم الضبط
رقم الضبط AUC_OC_53285
003 - محدد رقم الضبط
رقم الضبط OSt
005 - وقت وتاريخ اخر تعامل مع التسجيلة
رقم الضبط 20150408113948.0
008 - عناصر البيانات ثابتة الطول - معلومات عامة
حقل البيانات ثابتة الطول 090824s2009____le g 000 j ara c
020 ## - الرقم الدولى المعيارى للكتب
الرقم الدولى المعيارى للكتاب الملغى /الخاطئ 995334065
040 ## - مصدر الفهرسة
وكالة الفهرسة الأصلية MU
لغة الفهرسة ARA
وكالة النسخ MB
082 0# - رقم تصنيف ديوى العشرى
رقم التصنيف 813.081
رقم الطبعة 21
082 04 - رقم تصنيف ديوى العشرى
رقم التصنيف 813.081
رقم الطبعة 21
100 1# - المدخل الرئيسى - إسم شخصى
الإسم الشخصى جاد المولى، محمد أحمد
9 (RLIN) 6210
245 10 - بيان العنوان
العنوان قصص العرب /
بيان المسئوليه,etc تأليف محمد أحمد جاد المولى، علي محمد البجاوي، محمد أبو الفضل إبراهيم.
260 ## - PUBLICATION, DISTRIBUTION, ETC. (IMPRINT)
مكان الناشر او الموزع القاهرة
اسم الناشر او الموزع عيسى البابي الحلبي
تاريخ النشر أو التوزيع 19-؟
300 ## - الوصف المادى
التعداد 4 مج. ؛
أبعاد الوعاء 24 سم.
650 #7 - المدخل الاضافى بالموضوع-مصطلح موضوعى
مصطلح موضوعي أو اسم جغرافي كعنصر مدخل القصص التاريخية العربية
مصدر الرأس أو المصطلح aucsh
9 (RLIN) 6211
700 1# - المدخل الاضافى - اسم شخصى
الإسم الشخصى البجاوي، علي محمد
700 1# - المدخل الاضافى - اسم شخصى
الإسم الشخصى إبراهيم، محمد أبو الفضل
942 ## - عناصر المدخل الإضافي( كوها)
مصدر التصنيف او مخطط الترفيف Dewey Decimal Classification
Koha [default] item type كتاب
المقتنيات
حالة الفقد نموذج السعر الفعال حالة تلف ليس للاعارة رقم الطلب تاريخ الاكتساب الموقع الحالي الباركود الفرع الرئيسي Date last seen نوع المادة فى نظام كوها مصدر التصنيف او خطة الترفيف Total Checkouts
  2013-03-10     813.081 ج1 ج م ق 2011-12-14 مكتبة كلية التربية بالزلفى - طالبات (EZF) 00009022 مكتبة كلية التربية بالزلفى - طالبات (EZF) 2013-03-10 كتاب Dewey Decimal Classification